Revista del Instituto Americano de Arte : (Record no. 21787)

000 -CABECERA
fixed length control field 02314nam a22003497a 4500
003 - IDENTIFICADOR DEL NÚMERO DE CONTROL
control field AR-CdUCM
008 - DATOS DE LONGITUD FIJA--INFORMACIÓN GENERAL
fixed length control field 190425b ||||| |||| 00| 0 spa d
040 ## - FUENTE DE LA CATALOGACIÓN
Agencia/entidad que catalogó originalmente la obra MUNICIPALIDAD PROVINCIAL DEL CUSCO
Entidad que transcribió la catalogación BIBLIOTECA MUNICIPAL DEL CUSCO
082 ## - NÚMERO DE LA CLASIFICACIÓN DECIMAL DEWEY
No. de Clasificación Rev.IAAC/N°2/1943
110 ## - ENTRADA PRINCIPAL--NOMBRE DE ENTIDAD CORPORATIVA
Nombre de la institución, jurisdicción como entrada principal Instituto Americano de Arte del Cuzco
9 (RLIN) 43770
245 ## - MENCIÓN DE TÍTULO
Título Revista del Instituto Americano de Arte :
Resto del título Publicación semestral /
260 ## - PUBLICACIÓN, DISTRIBUCIÓN, ETC.
Lugar de publicación, distribución, etc. Cusco :
Nombre de la editorial, distribuidor, etc. Talleres gráficos La Económica,
Fecha de publicación, distribución, etc. 1943.
300 ## - DESCRIPCIÓN FÍSICA
Nº de Páginas Extensión 108 páginas. :
Dimensiones 24 cm.
440 ## - MENCIÓN DE SERIE/PUNTO DE ACCESO ADICIONAL--TÍTULO
Título Revista del Instituto Americano de Arte Cuzco.
Número de la parte/sección de una obra Año II, 1°y2° semestre de 1943, N°2. Vol.I
9 (RLIN) 46107
505 ## - NOTA DE CONTENIDO CON FORMATO
Nota de contenido formateada Contenido: El indio en el teatro. Ricardo Rojas. -- Tina Modotti ha muerto. Pablo Neruda. -- Nuestras bellezas Naturales el panorama de tres cruces. Víctor M. Guillen. -- El hombre del charango. Alejandro Peralta. -- Doña Trinidad Enríquez. Luis Felipe Paredes. -- Colgajos. Aurelio Martínez. -- Hombre tierra agua i balsas. Dante Nava. -- La fiesta de la Cruz danza de los Sijllas. José María Arguedas. -- Clorinda Matto de Turner, homenaje radial. José Gabriel Cosió. -- Folklore nacional danzas populares del Perú. Víctor Navarro del Águila. -- Arte popular Santiago Rojas y sus comparsas bailarines. Julio G. Gutiérrez. -- Notas sobre Sur Perú. Román Saavedra S. -- La historia de los pueblos de Canchis Checca Ccupe. Juan G. Medina. -- Antología del cantó lírica de ayer y de anteayer. Rafael Aguilar. -- Andenes de Amoray. Víctor M. Guillen. -- Pensamientos. Domingo Velasco Astete. -- Libros y revistas labor cultural del Instituto en el presente año. -- La excursión a Bolivia. -- Notas necrológicas. -- Documentos.
650 ## - PUNTO DE ACCESO ADICIONAL DE MATERIA--TÉRMINO DE MATERIA
Descriptor Teatro cusqueño
9 (RLIN) 13217
650 ## - PUNTO DE ACCESO ADICIONAL DE MATERIA--TÉRMINO DE MATERIA
Descriptor Arte popular
9 (RLIN) 9558
650 ## - PUNTO DE ACCESO ADICIONAL DE MATERIA--TÉRMINO DE MATERIA
Descriptor Folcklore
9 (RLIN) 46108
650 ## - PUNTO DE ACCESO ADICIONAL DE MATERIA--TÉRMINO DE MATERIA
Descriptor José María Arguedas
9 (RLIN) 793
650 ## - PUNTO DE ACCESO ADICIONAL DE MATERIA--TÉRMINO DE MATERIA
Descriptor María Trinidad Enríquez
9 (RLIN) 46109
650 ## - PUNTO DE ACCESO ADICIONAL DE MATERIA--TÉRMINO DE MATERIA
Descriptor Literatura cusqueña
9 (RLIN) 46110
650 ## - PUNTO DE ACCESO ADICIONAL DE MATERIA--TÉRMINO DE MATERIA
Descriptor Poetas cusqueños
9 (RLIN) 5956
650 ## - PUNTO DE ACCESO ADICIONAL DE MATERIA--TÉRMINO DE MATERIA
Descriptor Historia de Canchis
9 (RLIN) 46111
650 ## - PUNTO DE ACCESO ADICIONAL DE MATERIA--TÉRMINO DE MATERIA
Descriptor Historia Chechacupe
9 (RLIN) 46112
700 ## - PUNTO DE ACCESO ADICIONAL--NOMBRE DE PERSONA
Nombre Personal Neruda, Pablo
9 (RLIN) 2359
700 ## - PUNTO DE ACCESO ADICIONAL--NOMBRE DE PERSONA
Nombre Personal Arguedas, José María
9 (RLIN) 790
700 ## - PUNTO DE ACCESO ADICIONAL--NOMBRE DE PERSONA
Nombre Personal Navarro del Águila, Víctor
9 (RLIN) 32360
700 ## - PUNTO DE ACCESO ADICIONAL--NOMBRE DE PERSONA
Nombre Personal Cosio, José Gabriel
9 (RLIN) 11720
700 ## - PUNTO DE ACCESO ADICIONAL--NOMBRE DE PERSONA
Nombre Personal Velasco Astete, Domingo
9 (RLIN) 31407
942 ## - ELEMENTOS DE PUNTO DE ACCESO ADICIONAL (KOHA)
Fuente de clasificación
Tipo de item Revistas cusqueñas
945 ## - PROCESAMIENTO DE INFORMACIÓN LOCAL (OCLC)
Catalogador rac
Holdings
Estado de retiro (separado) Fuente de clasificación o esquema de estanterías Estado dañado Ubicación Sala donde se ubica Nombre de la colección Fecha de adquisición o compra Costo, precio normal en soles Signatura topográfica Código de Barras Última vez visto (Koha) Tipo de ítem (Koha)
No     Sala Hemeroteca Sala Hemeroteca Book Cart 2021-07-27 10.00 Rev.IAAC/N°2/1943 REVC000223 2021-07-27 Revistas cusqueñas

Powered by Koha